000 00629nam a22002417a 4500
003 UA-OsUOA
001 50616
007 ta
008 20071121b un ||||| |||| 00| 0 ukr d
100 _aБех Ю. В.
090 _a1(141.7)
_bБ55
942 _cBK
040 _aUA-OsUOA
_bukr
_cUA-OsUOA
_dUA-OsUOA
245 _aСаморозгортання соціального світу
_bМонографія
300 _a248 с.
955 _a1
041 _aukr
080 _a1(141.7)
020 _a966-660-309-8
260 _aК.
_bНПУ
_c2007
650 7 _a1 Філософські науки
_2UDC
999 _c336718
_d336718